Elementa Rhetorica, Jam plurimum aucta, atque in Libros, Capita [et] Paragraphos distributa Opera M. Joh. Sebastiani Mitternachts/ Illustris Ruthensi, Quod Gerae Est, Rectoris, Qui praeter ea, quae inseruit passim, integram doctrinam de Affectibus movendis & sedandis itemque de Inventione & Pertractatione thematum Speciali ex Patrit. & Instit. Vossianis adjecit, Ut Jam non Elementa solum, sed pleniora etiam facultatis amplissima praecepta videre possint

Bibliographic Details
Main Author: Vossius, Gerardus Joannes, 1577-1649 (Author)
Corporate Author: Colbe, Christian (Merseburg, Nemecko) (Printer)
Other Authors: Mitternacht, Johann Sebastian, 1613-1679 (Dedicator, Author of introduction, etc.), Colbe, Christian (Printer), Pelugius, Bernhardus
Format: Book
Language:Latin
PhysicalDescription:[12] listov, 80 strán, [12] listov 12°
Published: Lipsiae Sumtibus Christiani Kolbii, Bibliopolae Naumburgensis Anno M. DC LXXXXII. [=1692]
Series:Editio Octava Multisq. In Locis Auctior.
Subjects:

MARC

LEADER 00000nam a2200000 a 4500
001 vtls011828058
003 SK-MaSNL
005 20260425223951.0
008 251112s1692 gw 010 0 lat
015 |a SNBHFA1692 
040 |a SNKHF  |b slo  |c SNK  |e AACR2 
041 0 |a lat 
044 |a gw  |c DE 
072 7 |a 808  |x Literárny štýl. Literárna činnosť a technika. Efektívne využívanie jazyka. Spisovateľská činnosť  |2 konspekt 
080 |a 808  |2 2011 
080 |a 16  |2 2011 
080 |a 164  |2 2011 
100 1 |a Vossius, Gerardus Joannes,  |d 1577-1649  |4 aut  |9 355650 
245 1 0 |a Elementa Rhetorica, Jam plurimum aucta, atque in Libros, Capita [et] Paragraphos distributa  |b Opera M. Joh. Sebastiani Mitternachts/ Illustris Ruthensi, Quod Gerae Est, Rectoris, Qui praeter ea, quae inseruit passim, integram doctrinam de Affectibus movendis & sedandis itemque de Inventione & Pertractatione thematum Speciali ex Patrit. & Instit. Vossianis adjecit, Ut Jam non Elementa solum, sed pleniora etiam facultatis amplissima praecepta videre possint  |s Editio Octava Multisq. In Locis Auctior.  |c Gerh. Joh. Vossii 
260 |a Lipsiae  |b Sumtibus Christiani Kolbii, Bibliopolae Naumburgensis  |c Anno M. DC LXXXXII. [=1692] 
300 |a [12] listov, 80 strán, [12] listov  |c 12° 
490 0 |a Editio Octava Multisq. In Locis Auctior. 
500 |a Vinety, vlysy, iniciálky s ornamentálnym pozadím vo voľnom priestore na 6 riadkov 
501 |a Príväzok 2. k: MITTERNACHT, Johann Sebastian. Medulla Manualis Logici Scharfiani, Tisputationibus Aliqvot Scholasticis Comprehensa. Martisburgi: Sumptibus Christiani Colbii, 1687.  |5 SNKIE 10306 
504 |a Poznámky, kustody 
508 |a Predslov; Dedikácia: Brehme, Christian; Mitternacht, Johann Sebastian; Pelugius, Bernhardus 
546 |a Latinčina  |b Antiqua  |b Kurzíva 
561 |a Z knižnice Učenej spoločnosti malohontskej.  |5 SNKIE 10306/prív.2 
562 |a Rukopisné poznámky v latinčine.  |5 SNKIE 10306/prív.2 
650 0 7 |a rétorika  |2 SNKPH  |9 989 
650 0 7 |a filozofia  |2 SNKPH  |9 793 
650 0 7 |a logika  |2 SNKPH  |9 806 
700 1 |a Mitternacht, Johann Sebastian,  |d 1613-1679  |4 dto  |4 aui  |9 355649 
700 1 |a Brehme, Christian,  |d 1613-1667  |4 hnr  |9 355651 
700 1 |a Colbe, Christian  |4 prt  |9 355652 
700 1 |a Pelugius, Bernhardus  |h nr  |9 355653 
710 1 |a Učená spoločnosť malohontská  |4 fmo  |9 205374 
710 0 |a Colbe, Christian (Merseburg, Nemecko)  |4 prt  |9 355654 
752 |a Nemecko  |d Merseburg 
852 |a snk  |b Historické fondy  |p IE 10306/prív.2 
999 |c 600545  |d 602475 
952 |t V. D. a. 9/ MHC 726  |a SNK  |b SNK  |c SNK_HF  |y PREZ  |7 0  |p 17A1302124  |o snkIE 10306/prív.2  |i snk2018/26219  |8 5  |z 2. príväzok  |0 0  |1 0  |4 0  |d 2018-12-05  |l 0  |r 2026-02-23 15:52:46  |w 2026-02-23